Quiz sur 1973 - Statistiques

Statistiques générales
  • Ce quiz a été pris 36 fois
  • Le résultat moyen est 9 sur 20
Statistiques - réponses
Hint Réponse % Correct
Pays scandinave qui adhère à la CEE en 1973 Danemark
94%
Peut-être le plus célèbre peintre de tous les temps, mort en 1973 à Mougins Pablo Picasso
94%
Célèbre scandale politique, qui force Nixon à se séparer de deux ministres en 1973, et plus tard à démissionner lui-même Watergate
89%
Fête religieuse juive qui donne son nom à une guerre entre Israël et une coalition de pays arabes Kippour
86%
Pays dans lequel Léopold Sédar Seghor est réélu en 1973 avec 99,97% des voix Sénégal
83%
Pays européen qui abolit la peine de mort en 1973 Suède
83%
Célèbre poète chilien, mort quelques jours après le coup d'état de Pinochet, peut-être dans un mouvement de répressions des élites intellectuelles Pablo Neruda
57%
Secrétaire d'état américain, récompensé du Prix Nobel de la Paix en 1973 pour la résolution du conflit vietnamien Henry Kissinger
51%
Ville dans laquelle se tient les accords censés terminer les combats au Vietnam Paris
46%
Pays d'Océanie qui obtient son indépendance vis à vis de l'Australie en 1973 Papouasie-Nouvelle-Guinée
43%
Célèbre acteur américain, né en 1973 et tragiquement décédé en 2013 dans un accident de voiture, dont le souvenir a fait longtemps l'objet de la photo la plus likée sur Twitter Paul Walker
34%
Informaticien américain, fondateur de Google en 1998 avec Sergueï Brin Larry Page
31%
Organisation créée en 1973 et promouvant l'indépendance du Sahara Occidental par rapport au Maroc Front Polisario
26%
Avocat et homme politique portugais qui crée le Parti Socialiste Portugais, alors en exil en Allemagne Mario Soares
26%
Célèbre athlète finlandais mort en 1973, nommé "athlète du siècle" en 2000 Paavo Nurmi
23%
Lieu public de la ville d'Ezeiza en Argentine, où a eu lieu un massacre alors que le peuple acclamait le colonel Peron de retour d'exil Aéroport
9%
Ville du Royaume-Uni dans lequel s'est déroulé l'incendie du camp de vacances de Summerland, sur une île autonome, causant 51 décès Douglas
9%
Palais présidentiel du Chili, bombardé lors du coup d'état du général Pinochet, le 11 septembre 1973 Palais de la Moneda
9%
Acteur gallois, ayant joué dans de grands films comme San Andreas, Titanic ou Les 4 Fantastiques, dans lequel il joue Mr. Fantastic, et des séries comme Dr. Harrow Ioan Gruffudd
3%
Accords qui constituent un premier pas vers la résolution du conflit nord-irlandais en 1973 Accords de Sunningdale
0%
Aucun quiz correspondant
Distribution des résultats
% des personnes avec chaque résultat
Percentile par nombre de réponses
Votre historique - résultats
Vous n’avez pas pris ce quiz